000 01998 am a2200397 a 4500
005 20120418093746.0
008 100511s2001||||ag a f |||| 00| 0 spa d
020 _a9500607883
041 _aspa
092 _c616.5
_l27
_sFIT
245 _aFitzpatrick. Dermatología en Medicina General T.1.
_cIrwin M. Freedberg.
250 _a5a ed.
_bTraducción Jorge Frydman ; Carolina M. Gallardo Miraval ; Diana S. Klajn : Karen Mikkelsen ; Marisa B. Maiocchi ; Marta de Luján Papponetti ; Ubaldo Patrone ; María Laura Ramorino ; Silvia N. Rondinone ; Damián Vázquez ; Angela Mayte Zuluaga
260 _aBuenos Aires :
_bEditorial Médica Panamericana,
_c2001.
300 _a1-970 p.
_bil.
590 _aDonación Dr. Mancuso 2007
653 _aCorrelaciones clinicopatológicas de las lesiones cutáneas: enfoque diagnóstico
653 _aEstructura y desarrollo de la piel
653 _aBiología y funciones de la epidermis y de los anexos cutáneos
653 _aBiología de la matriz extracelular, los vasos sanguíneos y los nervios
653 _aBiología celular y molecular de la inflamación, la reparación y la carcinogénesis
653 _aManifestaciones no cutáneas de las enfermedades de la piel
653 _aEpidermis: trastornos inflamatorios persistentes, cinética y diferenciación celulares
653 _aEpidermis: enfermedades de la cohesión epidérmica. Enfermedades vesiculosas y ampollares
653 _aTrastornos de los anexos epidérmicos y enfermedades relacionadas
653 _aTumores de la epidermis y sus anexos
700 1 _aFreedberg, Irwin M.
_9190
700 1 _aWolff, Klaus.
_9191
700 1 _aAusten, K. Frank.
_9192
700 1 _aGoldsmith, Lowell A.
_9193
700 1 _aKatz, Stephen I.
_9194
700 1 _aFitzpatrick, Thomas B.
_9195
700 1 _aEisen, Arthur Z.
_9196
930 _a1793
942 _2ddc
_cBK
952 _aBFM
_bBFM
_70
_p1793
_cCR
_40
_00
_yBK
_10
_o616.5 27 FIT
_d2011-05-13
_tej.1
999 _c304
_d304